| 000 | 00725nam a22002177a 4500 | ||
|---|---|---|---|
| 005 | 20170124110251.0 | ||
| 010 | _aB-220591 | ||
| 020 |
_c1075.00 _a8178330598 |
||
| 035 | _aB-220591 | ||
| 037 | _bCen Lib/Ret | ||
| 040 |
_aDPL _bEN |
||
| 082 |
_a621.3815 _bELE |
||
| 110 |
_aNIIR Board of Consultants & Engineers _998743 |
||
| 245 |
_aElectronic products handbook : _bwith circuit diagram / _cby NIIR Board of Consultants & Engineers |
||
| 260 |
_aDelhi _bAsia Pasific Business Press _c[s.n.] |
||
| 270 |
_bDelhi _a106-E, kamla nagar _e110007 |
||
| 300 |
_a613p. _c19cm(Hb) |
||
| 650 |
_aElectronic products -- Handbooks _998744 |
||
| 650 |
_aHardware _998745 |
||
| 942 |
_2ddc _cEN _h621.3815 _mELE |
||
| 999 |
_c135844 _d135844 |
||